|
|
|
|
| LEADER |
00000nam a2200000 a 4500 |
| 001 |
UCN2064 |
| 003 |
CL-VaPUC |
| 008 |
010511e20000000MX |||||||||||||||||spa|d |
| 082 |
0 |
4 |
|a 658.404
|b DOM
|2 21
|
| 100 |
0 |
|
|a Domingo Ajenjo, Alberto
|e author
|9 457627
|
| 245 |
1 |
0 |
|a Dirección y gestión de proyectos: un enfoque práctico
|
| 300 |
|
|
|a 325 p
|
| 942 |
|
|
|c BK
|
| 945 |
|
|
|d 20010511 00:00:00
|a vberengu
|
| 260 |
|
|
|a Ciudad de México
|b Alfaomega
|c 2000
|
| 650 |
|
7 |
|a PLANIFICACION DE PROYECTOS
|2 CL-VaPUC
|9 364615
|
| 650 |
|
0 |
|a Gestión de proyectos
|9 260970
|
| 583 |
|
|
|a last modification
|c 20170510 01:15:39
|k Rodrigo Vera
|
| 999 |
|
|
|c 295224
|d 295222
|
| 952 |
|
|
|0 0
|1 0
|4 0
|6 658_404000000000000_DOM_2000
|7 0
|8 A
|9 348182
|a BIBENE
|b BIBENE
|d 2019-11-20
|i 3724158
|o 658.404 DOM 2000
|p 3724158
|r 2025-01-15
|w 2019-11-20
|y BK
|k ICO
|
| 952 |
|
|
|0 0
|1 0
|4 0
|6 658_404000000000000_DOM_2000
|7 0
|8 A
|9 348183
|a BIBMEC
|b BIBMEC
|d 2019-11-20
|i 3839613
|o 658.404 DOM 2000
|p 3839613
|r 2024-01-19
|w 2019-11-20
|y BK
|k MEC
|